=LDR 00000nam 2200000 4500 =001 001000 =005 20250712023305 =035 ##$$a 0010-0725000879 =007 ta =008 250712################a##########0#ind## =020 ##$$a 978-623-307-359-2 =082 ##$$a 398.209 598 =084 ##$$a 398.209 598 CEC k =100 #$$a Cece yates =245 1#$$a Keseharian kucing /$c Cece yates =250 ##$$a Cetakan pertama =260 ##$$a Rawamangun :$b Badan pengembangan dan pembinaan bahasa,$c 2022 =300 ##$$a 16hlm. : $b Ilus. ; $c 29,7cm =650 #4$$a Cerita anak indonesia-terjemahan